00490nam a22001817a 4500003000400000020001800004082001900022100001700041245003000058250000800088260003400096300000800130650001300138700001700151942001200168999001900180952010900199OSt a9789382036609 a657.45bSHW/AU aShweta Varma aFundamentals of Auditing  a1st aNew DelhibBlack Printsc2012 a131 aAuditing aShweta Varma 2ddccBK c189303d189303 00102ddc4070aKAUCBVbKAUCBVd2016-04-02g0.00l0o657.45 SHW/AUr2016-04-02 00:00:00w2016-04-02yBK